000
00312 a2200145 4500
001
70903
020
_a
8575181637
040
_c
Anchieta - Itaigara
240
1
0
_a
Manual de redação Barsa
_l
por
245
1
0
_a
Manual de redação Barsa
300
_a
391
362
0
_a
2005
650
4
_a
Português
942
_c
BK
999
_c
70903
_d
70903